000 00389nam a2200169Ia 4500
005 20240704054418.0
008 240331s9999 xx 000 0 und d
020 _a0415908868
082 _a155
_bFUS
100 _aFuss, D
245 0 _aIdentification papers
260 _aNew york
_bRoutledge
_c1995
300 _aix, 179 p .,
650 _aPsychology
650 _aFeminism
942 _cL
999 _c743
_d743